Bilecik Bilecik Bilecik Bilecik Bilecik

Siyasi felsefenin büyük düşünürleri = (Record no. 4264)

MARC details
000 -BAŞLIK
Sabit Uzunluktaki Kontrol Alanı 01091nam a22003377a 4500
001 - KONTROL NUMARASI
Control Dosyası 0004282
003 - KONTROL NUMARASI KİMLİĞİ
Kontrol Alanı KOHA_MİRAKIL
005 - EN SON İŞLEM TARİHİ ve ZAMANI
Kontrol Alanı 20260207001406.0
007 - FİZİKSEL TANIM SABİT ALAN - GENEL BİLGİ
Sabit uzunluklu kontrol alanı ta
008 - SABİT UZUNLUKTAKİ VERİ ÖGELERİ - GENEL BİLGİ
Sabit Alan 090420b2001 tu |||gr||||#||||0|tur |
020 ## - ISBN - ULUSLARARASI STANDART KİTAP NUMARASI
Isbn 9757796336
040 ## - KATALOGLAMA KAYNAĞI
Özgün Kataloglama Kurumu TR-BiSEU
Kataloglama Dili tur
Çeviri Kurumu TR-BiSEU
Açıklama Kuralları rda
041 0# - DİL KODU
Metin ya da ses kaydının dil kodu tur
044 ## - YAYINLAYAN/ÜRETEN KURULUŞUN ÜLKE KODU
ISO country code tu
050 ## - SINIFLAMA ve YER NUMARASI
Sınıflama Numarası JA81
Yer Numarası .E24 2001
100 1# - KİŞİ ADI
Yazar Adı (Kişi adı) Ebenstein, William.
240 10 - TEK BİÇİM BAŞLIK
Tekbiçim Başlık <a href="Great political thinkers">Great political thinkers</a>
Language of a work Türkçe
245 1# - ESER ADI BİLDİRİMİ
Başlık Siyasi felsefenin büyük düşünürleri =
Alt Eseradı vb. Great political thinkers/
Sorumluluk Bildirimi William Ebenstein ; William Ebenstein; çeviren İsmet Özel.
264 #1 - ÜRERİM, YAYIN, DAĞITIM ve TELİF BİLDİRİMİ
Yayın yeri İstanbul :
Yayınlayan Şûle Yayınları,2001.
Yayın tarihi 2001
300 ## - FİZİKSEL TANIMLAMA
Sayfa, Cilt vb. 455 sayfa
336 ## - İÇERİK TÜRÜ
Content type term metin
Content type code txt
Source rdacontent
337 ## - MEDYA TÜRÜ
Media type term aracısız
Media type code n
Source rdamedia
338 ## - TAŞIYICI TÜRÜ
Carrier type term cilt
Carrier type code nc
Source rdacarrier
490 1# - DİZİ BİLDİRİMİ
Dizi Bildirimi Şûle yayınları ;
Cilt Numarası 36.
490 1# - DİZİ BİLDİRİMİ
Dizi Bildirimi Siyasi düşünce dizisi ;
Cilt Numarası 2.
650 #0 - KONU BAŞLIĞI EK GİRİŞ - KONU TERİMİ
Konusal terim veya coğrafi ad Siyaset bilimciler.
9 (RLIN) 10525
650 #0 - KONU BAŞLIĞI EK GİRİŞ - KONU TERİMİ
Konusal terim veya coğrafi ad Siyaset bilimi--Tarih.
9 (RLIN) 10526
830 1# - SERİ EK GİRİŞİ - TEKBİÇİM ESER ADI
Tekbiçim Başlık Şûle yayınları ;
Volume number/sequential designation 36.
9 (RLIN) 10527
830 1# - SERİ EK GİRİŞİ - TEKBİÇİM ESER ADI
Tekbiçim Başlık Siyasi düşünce dizisi ;
Volume number/sequential designation 2.
9 (RLIN) 10528
942 ## - EK GİRİŞ ÖGELERİ (KOHA)
Source of classification or shelving scheme Library of Congress Classification
Koha item type Book
Holdings
Materyal Türü Kalıcı Konum Mevcut Konum Raf Yeri Sınıflandırma Kaynağı Edinim Bilgisi Ana Konular Alt Konular Yer Numarası Demirbaş Numarası Fatura Tarihi Maliyet, Alış Fiyatı Maliyet, Yenileme Fiyatı Geri Çekilme Durumu Kayıp Durumu Hasarlı Durumu Kredi için değil Kayıt Tarih Toplam Ödünçverme Son Görülme Tarihi Son Kontrol Tarihi Genel / Bağış Notu
Book Prof. Dr. Azmi Özcan Kütüphanesi Prof. Dr. Azmi Özcan Kütüphanesi Uluğbey Salonu Library of Congress Classification Bağış SİYASET BİLİMİ Siyaset Bilimi (Genel) JA81 .E24 2001 0004282 13/08/2010 6.00 6.00         20/04/2009 4 05/12/2024 05/12/2024 İİBF